Statistics for 第二次世界大戦終結前に認可された大学

Click here to take the quiz!

General Stats

  • This quiz has been taken 4 times
  • The average score is 37 of 57

Answer Stats

HintAnswer% Correct
大学令1920國學院大學
100%
大学令1928上智大学
100%
大学令1920同志社大学
100%
大学令1920日本大学
100%
大学令1920中央大学
100%
大学令1920法政大学
100%
大学令1920明治大学
100%
大学令1932関西学院大学
100%
大学令1920早稲田大学
100%
大学令1920慶應義塾大学
100%
大学令1922龍谷大学
100%
大学令1922専修大学
100%
大学令1922立教大学
100%
大学令1922立命館大学
100%
大学令1922関西大学
100%
大学令1925駒澤大学
100%
大学令1928東洋大学
100%
大学令1926日本医科大学
75%
帝国大学令1897京都帝国大学
75%
大学令1926高野山大学
75%
帝国大学令1886東京帝国大学
75%
帝国大学令1939名古屋帝国大学
75%
大学令1939藤原工業大学
75%
帝国大学令1931大阪帝国大学
75%
帝国大学令1928台北帝国大学
75%
帝国大学令1924京城帝国大学
75%
帝国大学令1918北海道帝国大学
75%
帝国大学令1911九州帝国大学
75%
帝国大学令1907東北帝国大学
75%
大学令1929東京工業大学
50%
大学令1929大阪工業大学
50%
大学令1929神戸商業大学
50%
大学令1926大正大学
50%
大学令1923長崎医科大学
50%
大学令1924立正大学
50%
大学令1922熊本医科大学
50%
大学令1923金沢医科大学
50%
大学令1922満洲医科大学
50%
大学令1922旅順工科大学
50%
大学令1922岡山医科大学
50%
大学令1922新潟医科大学
50%
大学令1923千葉医科大学
50%
大学令1920東京商科大学
50%
大学令1920愛知医科大学
25%
大学令1942興亜工業大学
25%
大学令1940神宮皇學館大学
25%
大学令1939東亜同文書院大学
25%
大学令1919大阪医科大学
25%
大学令1921京都府立医科大学
25%
大学令1929広島文理科大学
25%
大学令1929東京文理科大学
25%
大学令1921東京慈恵会医科大学
25%
大学令1928大阪商科大学
25%
大学令1922大谷大学
25%
大学令1925東京農業大学
25%
大学令1922東洋協会大学
25%
大学令1943大阪理工科大学
25%

Score Distribution

Percentile by Number Answered

Percent of People with Each Score

Your Score History

You have not taken this quiz